Психолінгвістичні особливості використання фразеологічних засобів англійської мови на позначення психологічного портрету мовця (Запис № 285371)

МАРК-запис
000 -LEADER
fixed length control field 02429nam a22001577a 4500
041 ## - LANGUAGE CODE
Language code of text/sound track or separate title ukr
080 ## - UNIVERSAL DECIMAL CLASSIFICATION NUMBER
Universal Decimal Classification number 09
090 ## - LOCALLY ASSIGNED LC-TYPE CALL NUMBER (OCLC); LOCAL CALL NUMBER (OCLC)
Local cutter number (OCLC) ; Book number/undivided call number, CALL (RLIN) САЧ
100 ## - MAIN ENTRY--PERSONAL NAME
Personal name Сачковська, О. В.
245 ## - TITLE STATEMENT
Title Психолінгвістичні особливості використання фразеологічних засобів англійської мови на позначення психологічного портрету мовця
260 ## - PUBLICATION, DISTRIBUTION, ETC. (IMPRINT)
Place of publication, distribution, etc Острог
Name of publisher, distributor, etc КАФ
Date of publication, distribution, etc 2014
300 ## - PHYSICAL DESCRIPTION
Extent 111
520 ## - SUMMARY, ETC.
Summary, etc Вступ.<br/>Розділ І. Структурно-семантичні особливості фразеологічних одиниць.<br/>1.1. Базові поняття фразеологічних одиниць<br/>1.2. Семантичні особливості ФО<br/>1.3. Класифікація ФО<br/>1.4. Особливості використання фразеологічних одиниць у мові преси<br/>Розділ ІІ. Ключові поняття психолінгвістики. Психологічний портрет мовця.<br/>2.1. Предмет, обєкт, завдання та напрями досліджень психолінгвістики<br/>2.1.1. Методи психолінгвістики<br/>2.1.2. Психолінгвістика як теорія мовленнєвої діяльності<br/>2.2. Основні поняття психолінгвістики<br/>2.2.1. Мовна свідомість<br/>2.2.2. Мовна особистість<br/>2.2.3. Мовна картина світу<br/>2.3. Основні аспекти при складанні психологічного портрету мовця<br/>Розділ ІІІ. Психолінгвістичні ообливості використання фразеологізмів англійської мови на позначення психологічного портрету мовця.<br/>3.1. Фразеологізми на позначення особливостей характеру індивіда<br/>3.2. Фразеологізми на позначення емоційного стану<br/>3.3. Фразеологізми, що демонструють спосіб виконня дії<br/>Висновки.<br/>Список використаної літератури.<br/>Додатки.
-- фразеологічна одиниця, психолінгвістика
650 ## - SUBJECT ADDED ENTRY--TOPICAL TERM
Topical term or geographic name as entry element Research Papers
942 ## - ADDED ENTRY ELEMENTS (KOHA)
Koha item type Книги
Фонди
Withdrawn status Lost status Source of classification or shelving scheme Damaged status Not for loan Home library Current library Date acquired Source of acquisition Cost, normal purchase price Total Checkouts Full call number Barcode Date last seen Price effective from Koha item type
    Universal Decimal Classification     ВІЛ - Відділ іноземн. літератури НБ ВІЛ - Відділ іноземн. літератури НБ 17/06/2014 Акт №8 1.00   09 215619 09/11/2021 17/06/2014 Книги